Lezecká stienka sa pomaly zabeháva

Bibliographic Details
Format: Article
Language:Slovak
PhysicalDescription:Fotogr.
Subjects:

MARC

LEADER 00000nab a2200000 ar4500
001 vtls009292060
003 SK-MaSNL
005 20260303204129.0
008 080505c2008 xo er|p|||||||000 ||slo
038 |a PPPK 
040 |a PPPKCL  |b slo  |c PPPK  |e AACR2 
041 0 |a slo 
044 |a xo  |c SK 
080 |a 796.526  |2 1997 
080 |a 796.526-053.2  |2 1997 
245 0 0 |a Lezecká stienka sa pomaly zabeháva  |c [autor] (pet) ; foto: Martin Matušek 
300 |b Fotogr. 
650 0 7 |a lezenie na umelých stenách  |2 SNKPH  |9 111238 
650 0 7 |a dospelí  |2 SNKPH  |9 4893 
650 0 7 |a deti  |2 SNKPH  |9 773 
651 7 |a Tatranská Lomnica (Vysoké Tatry, Slovensko)  |2 SNKPHgeo  |9 160914 
651 7 |a Vysoké Tatry (Poľsko a Slovensko : pohorie)  |2 pppkcl  |9 67729 
773 0 |t Tatranský dvojtýždenník  |g Roč. XIX, č. 4 (2008), s. 9 
852 |a PPPK  |b KIS3GCP 
999 |c 2188570  |d 2190500